Capitales América - Estadísticas

Estadísticas generales
  • Esta prueba ha sido intentada 250 veces
  • La puntuación promedio es 22 de 25
Estadísticas de respuestas
País Capital % Correcto
Argentina Buenos Aires
99%
Brasil Brasilia
98%
México Ciudad de México
98%
Estados Unidos Washington
98%
Perú Lima
96%
Colombia Bogotá
94%
Venezuela Caracas
94%
Uruguay Montevideo
93%
Canadá Ottawa
93%
Cuba La Habana
90%
Ecuador Quito
90%
Chile Santiago de Chile
90%
Bolivia La Paz
89%
Paraguay Asunción
88%
Panamá Ciudad de Panamá
88%
Guatemala Ciudad de Guatemala
84%
El Salvador San Salvador
84%
República Dominicana Santo Domingo
81%
Costa Rica San José
80%
Jamaica Kingston
79%
Nicaragua Managua
78%
Haití Puerto Príncipe
74%
Honduras Tegucigalpa
73%
Bahamas Nassau
69%
Puerto Rico San Juan
63%
No se encontraron pruebas coincidentes
Distribución de puntuación
Porcentaje de gente con cada puntuación
Porcentaje por número respondido
Historial de tus puntuaciones
No has intentado esta prueba.